| 000 | 00442nam a22001337a 4500 | ||
|---|---|---|---|
| 999 |
_c521976 _d521976 |
||
| 008 | 230306b ||||| |||| 00| 0 eng d | ||
| 100 |
_aSaghar, Amol _938233 |
||
| 245 | _aMerchants, guilds and temple towns in an early south Asian Kingdom: Pallavan Tmail Nadu (crca 4th-9th centuries CE) | ||
| 260 | _aSocial Scientist | ||
| 300 | _a50(11-12), Nov-Dec, 2022: p.65-72 | ||
| 773 | _aSocial Scientist | ||
| 906 | _aRELIGION | ||
| 942 | _cAR | ||